Proverbs : A Commentary based on Paroimiai in Codex Vaticanus /
In the Proverbs volume in the Septuagint Commentary Series Al Wolters gives a meticulous philological commentary on the text of Proverbs as found in the important fourth-century Codex Vaticanus, together with a careful transcription of the Vaticanus Greek text and a fresh English translation thereof...
المؤلف الرئيسي:
التنسيق: كتاب الكتروني
اللغة: English
منشور في:
Leiden; Boston :
BRILL,
2020.
سلاسل:
Septuagint Commentary Series.
Biblical Studies, Ancient Near East and Early Christianity E-Books Online, Collection 2020, ISBN: 9789004407367.
الموضوعات:
الوصول للمادة أونلاين: Login to view Source
الوسوم: إضافة وسم
رقم الطلب: PN6405
| LEADER | 02451nam a22004451i 4500 | ||
|---|---|---|---|
| 001 | BRILL9789004425590 | ||
| 003 | nllekb | ||
| 005 | 20210602100232.0 | ||
| 006 | m d | ||
| 007 | cr un uuuua | ||
| 008 | 200210s2020 ne sb 001 0 eng d | ||
| 020 | |a 9789004425590 |q (electronic book) | ||
| 020 | |a 9789004425583 |q (print) | ||
| 024 | 7 | |a 10.1163/9789004425590 |2 DOI | |
| 035 | |z (OCoLC)1129876208 | ||
| 040 | |a NL-LeKB |c NL-LeKB |e rda | ||
| 050 | 4 | |a PN6405 | |
| 072 | 7 | |a HRCG |2 bicssc | |
| 072 | 7 | |a REL |x 006400 |2 bisacsh | |
| 082 | 0 | 4 | |a 398.9 |2 23 |
| 100 | 1 | |a Wolters, Al, |e author. | |
| 245 | 1 | 0 | |a Proverbs : |b A Commentary based on Paroimiai in Codex Vaticanus / |c Al Wolters. |
| 246 | 3 | |a A Commentary based on Paroimiai in Codex Vaticanus | |
| 264 | 1 | |a Leiden; |a Boston : |b BRILL, |c 2020. | |
| 300 | |a 1 online resource. | ||
| 336 | |a text |b txt |2 rdacontent | ||
| 337 | |a computer |b c |2 rdamedia | ||
| 338 | |a online resource |2 rdacarrier | ||
| 490 | 1 | |a Septuagint Commentary Series | |
| 490 | 1 | |a Biblical Studies, Ancient Near East and Early Christianity E-Books Online, Collection 2020, ISBN: 9789004407367 | |
| 520 | |a In the Proverbs volume in the Septuagint Commentary Series Al Wolters gives a meticulous philological commentary on the text of Proverbs as found in the important fourth-century Codex Vaticanus, together with a careful transcription of the Vaticanus Greek text and a fresh English translation thereof. The focus of the commentary is on the semantic and grammatical aspects of the Greek, relying primarily on general Greek usage rather than on the underlying Hebrew, and drawing on a broad array of lexicographical and grammatical resources, as well as a detailed examination of twelve previous translations of LXX Proverbs. In the process, many new interpretations of the often difficult Greek are proposed. | ||
| 588 | |a Description based on print version record. | ||
| 650 | 0 | |a Proverbs. | |
| 776 | 0 | 8 | |i Print version: |t Proverbs: A Commentary based on Paroimiai in Codex Vaticanus, |d Leiden Boston : BRILL, 2020 |w 9789004425583 |
| 830 | 0 | |a Septuagint Commentary Series. | |
| 830 | 0 | |a Biblical Studies, Ancient Near East and Early Christianity E-Books Online, Collection 2020, ISBN: 9789004407367. | |
| 856 | 4 | |z DOI: |u http://dx.doi.org/10.1163/9789004425590 | |
| 942 | |c EBOOK | ||
| 952 | |0 0 |1 0 |4 0 |7 1 |9 13883 |a BRILL |b BRILL |d 2021-06-02 |l 0 |r 2021-06-02 00:00:00 |w 2021-06-02 |y EBOOK | ||
| 999 | |c 35334 |d 35334 | ||
